[Event "Las Vegas National op"]
[Site "Las Vegas"]
[Date "2019.06.15"]
[Round "7"]
[White "Ghatti, Sanjay"]
[Black "Lee, Megan Shuen Hui"]
[Result "1/2-1/2"]
[WhiteElo "2190"]
[BlackElo "2115"]
[PlyCount "108"]
[EventDate "2019.06.12"]
[EventType "swiss"]
[EventRounds "9"]
[EventCountry "USA"]
[SourceTitle "CBM 190 Extra"]
[Source "ChessBase"]
[SourceDate "2019.07.15"]
[SourceVersion "1"]
[SourceVersionDate "2019.07.15"]
[SourceQuality "1"]

1. e4 e5 2. Nf3 Nc6 3. Bb5 a6 4. Ba4 Nf6 5. d3 Bc5 6. 0-0 b5 7. Bb3 d6 8. c3 h6 9. Be3 Bxe3 10. fxe3 0-0 11. a4 Rb8 12. axb5 axb5 13. Nbd2 b4 14. Qe2 bxc3 15. bxc3 Qe8 16. Nh4 Be6 17. Ba4 Ra8 18. Kh1 Qd7 19. Qd1 d5 20. exd5 Nxd5 21. Qf3 e4 22. Nxe4 Rxa4 23. Rxa4 Ne5 24. Qg3 Qxa4 25. Qxe5 Nxe3 26. Qf4 Qa7 27. Re1 Nd5 28. Qe5 Re8 29. c4 Ne7 30. Ng3 Nc6 31. Qf4 Qd4 32. Qxc7 Rc8 33. Qb7 Qxh4 34. Rxe6 Rb8 35. Qxb8+ Nxb8 36. Re8+ Kh7 37. Rxb8 Qd4 38. Rb1 Qxd3 39. Rc1 Qd2 40. Rf1 f6 41. c5 Qc2 42. h4 Qxc5 43. h5 Qg5 44. Rf3 Kg8 45. Kg1 Kf7 46. Kf2 Ke6 47. Kg1 Qc1+ 48. Kf2 Qc2+ 49. Kf1 f5 50. Ne2 Ke5 51. Re3+ Kf6 52. Re6+ Kf7 53. Re3 Qc4 54. g3 Qg4 1/2-1/2

[Event "Las Vegas National op"]
[Site "Las Vegas"]
[Date "2019.06.14"]
[Round "4"]
[White "Kondakov, Adrian"]
[Black "Ghatti, Sanjay"]
[Result "0-1"]
[WhiteElo "2009"]
[BlackElo "2190"]
[PlyCount "92"]
[EventDate "2019.06.12"]
[EventType "swiss"]
[EventRounds "9"]
[EventCountry "USA"]
[SourceTitle "CBM 190 Extra"]
[Source "ChessBase"]
[SourceDate "2019.07.15"]
[SourceVersion "1"]
[SourceVersionDate "2019.07.15"]
[SourceQuality "1"]

1. e4 c6 2. d4 d5 3. exd5 cxd5 4. Nf3 Nc6 5. Bb5 a6 6. Bxc6+ bxc6 7. Ne5 Qb6 8. 0-0 Bf5 9. c4 f6 10. c5 Qb7 11. Nf3 g5 12. Nc3 e6 13. Re1 Ne7 14. Ne2 h5 15. Ng3 Kd7 16. Qe2 Re8 17. Bxg5 fxg5 18. Nxg5 h4 19. Nf7 hxg3 20. Nxh8 Bg7 21. Nf7 gxh2+ 22. Kh1 Bxd4 23. Nd6 Qxb2 24. Qxa6 Bxc5 25. Nxe8 Kxe8 26. Qe2 Qxe2 27. Rxe2 d4 28. a4 d3 29. Rd2 Bb4 30. Rdd1 Ba5 31. Ra3 d2 32. Ra2 c5 33. Raxd2 Bxd2 34. Rxd2 c4 35. Kxh2 c3 36. Rd4 c2 37. Rc4 Nd5 38. a5 Bd3 39. Rc5 Nb4 40. f3 Kd7 41. Kg3 Kd6 42. Rc3 Nd5 43. a6 Nxc3 44. a7 Ne2+ 45. Kh3 c1Q 46. a8Q Qh6+ 0-1

[Event "Pan American-ch U20"]
[Site "Guayaquil"]
[Date "2018.06.24"]
[Round "9"]
[White "Ghatti, Sanjay"]
[Black "Vazquez Maccarini, Danitza"]
[Result "1-0"]
[WhiteElo "2189"]
[BlackElo "2242"]
[PlyCount "149"]
[EventDate "2018.06.19"]
[EventType "swiss"]
[EventRounds "9"]
[EventCountry "ECU"]
[SourceTitle "EXT 2019"]
[Source "ChessBase"]
[SourceDate "2018.10.10"]
[SourceVersion "1"]
[SourceVersionDate "2018.10.10"]
[SourceQuality "1"]

1. e4 e5 2. Nf3 Nc6 3. Bb5 a6 4. Ba4 Nf6 5. 0-0 b5 6. Bb3 Bc5 7. d3 0-0 8. Nc3 h6 9. a4 Rb8 10. axb5 axb5 11. Nd5 d6 12. Be3 Bg4 13. c3 Nxd5 14. Bxd5 Ne7 15. Bb3 Bb6 16. h3 Be6 17. Bxe6 fxe6 18. Qb3 Qd7 19. Ra6 c5 20. Rd1 Ng6 21. d4 exd4 22. cxd4 c4 23. Qa3 Kh7 24. Qb4 Rfd8 25. d5 Bxe3 26. fxe3 e5 27. Rda1 Rb7 28. Rc6 Ra7 29. Ra5 Rxa5 30. Qxa5 Rf8 31. Rc7 Qd8 32. Qa7 Qf6 33. Qb7 b4 34. Qxb4 Nh4 35. Nxh4 Qxh4 36. Qd2 Qxe4 37. Qe2 Qxd5 38. Rxc4 e4 39. Qc2 Re8 40. Rd4 Qe5 41. Qc6 Qg3 42. Rxe4 Rf8 43. Qc2 Kh8 44. Qd2 Ra8 45. Rf4 Ra1+ 46. Rf1 Ra8 47. Qd4 Re8 48. Rf3 Qe5 49. Qxe5 Rxe5 50. b4 Re4 51. b5 Rb4 52. Rf5 Rb2 53. Kf1 Kg8 54. h4 g6 55. Rd5 Kf7 56. h5 gxh5 57. Rxh5 Kg6 58. Rd5 Kg7 59. Kg1 Kh7 60. Kh2 Rb3 61. Kg3 Rxe3+ 62. Kf4 Rb3 63. Kf5 Rg3 64. Ke6 Rxg2 65. Kxd6 Kg6 66. b6 Rb2 67. Kc6 h5 68. b7 h4 69. Rb5 Rc2+ 70. Kb6 h3 71. b8Q h2 72. Qg3+ Kh6 73. Qg5+ Kh7 74. Qh5+ Kg7 75. Rg5+ 1-0

[Event "Pan American-ch U20"]
[Site "Guayaquil"]
[Date "2018.06.22"]
[Round "6"]
[White "Ghatti, Sanjay"]
[Black "Rodriguez Horna, Lorenzo"]
[Result "1-0"]
[WhiteElo "2189"]
[BlackElo "1939"]
[PlyCount "119"]
[EventDate "2018.06.19"]
[EventType "swiss"]
[EventRounds "9"]
[EventCountry "ECU"]
[SourceTitle "EXT 2019"]
[Source "ChessBase"]
[SourceDate "2018.10.10"]
[SourceVersion "1"]
[SourceVersionDate "2018.10.10"]
[SourceQuality "1"]

1. e4 c6 2. d4 d5 3. exd5 cxd5 4. Bd3 Nc6 5. c3 Qc7 6. Ne2 Bg4 7. 0-0 e6 8. Qe1 Bxe2 9. Qxe2 Bd6 10. h3 Nf6 11. Nd2 0-0 12. Nf3 Bf4 13. Bxf4 Qxf4 14. Rfe1 Nd7 15. a4 Rac8 16. g3 Qf6 17. Nh2 g6 18. Ng4 Qg7 19. f4 Rfe8 20. Ne5 f6 21. Nxd7 Qxd7 22. Qg4 f5 23. Qf3 a6 24. g4 Re7 25. Re2 Rce8 26. b4 Nd8 27. b5 Qc7 28. Rc1 axb5 29. Bxb5 fxg4 30. hxg4 Rf8 31. Rf1 Ref7 32. Ref2 Kg7 33. Qe3 Rf6 34. Kg2 Qd6 35. Qg3 g5 36. fxg5 Qxg3+ 37. Kxg3 Rxf2 38. Rxf2 Rxf2 39. Kxf2 Nf7 40. a5 Nxg5 41. Bd3 Kf6 42. Ke3 h6 43. Kf4 Nh3+ 44. Kg3 Ng5 45. c4 dxc4 46. Bxc4 e5 47. Bd5 Ne6 48. dxe5+ Kxe5 49. Bxb7 Nd4 50. a6 Nb5 51. Kf3 Na7 52. Ke3 Nb5 53. Kd3 Kd6 54. Kc4 Na3+ 55. Kb4 Nc2+ 56. Ka5 Kc7 57. Bd5 Na3 58. a7 Nc4+ 59. Ka6 Nb6 60. Bg2 1-0

[Event "North American op 27th"]
[Site "Las Vegas"]
[Date "2017.12.29"]
[Round "7"]
[White "Ghatti, Sanjay"]
[Black "Kolay, Alex"]
[Result "1-0"]
[WhiteElo "2212"]
[BlackElo "2034"]
[PlyCount "57"]
[EventDate "2017.12.26"]
[EventType "swiss"]
[EventRounds "9"]
[EventCountry "USA"]
[SourceTitle "CBM 182 Extra"]
[Source "ChessBase"]
[SourceDate "2018.02.23"]
[SourceVersion "1"]
[SourceVersionDate "2018.02.23"]
[SourceQuality "1"]

1. e4 e6 2. d4 d5 3. Nd2 Nc6 4. Ngf3 Nf6 5. e5 Nd7 6. c3 f6 7. Bb5 fxe5 8. dxe5 Be7 9. Nd4 Nxd4 10. cxd4 0-0 11. Qg4 Nb8 12. 0-0 Bd7 13. Bd3 Qe8 14. Nf3 Qf7 15. Bg5 Nc6 16. Rac1 Rac8 17. Rxc6 Bxc6 18. Qh4 h6 19. Bxe7 g5 20. Bxg5 hxg5 21. Nxg5 Qe7 22. f4 Rf7 23. Rf3 Rg7 24. Rh3 Kf8 25. Qh6 a5 26. Nh7+ Kf7 27. Qh5+ Kg8 28. Nf6+ Kf8 29. Bg6 1-0

[Event "North American op 27th"]
[Site "Las Vegas"]
[Date "2017.12.28"]
[Round "5"]
[White "Ghatti, Sanjay"]
[Black "Mandizha, Farai"]
[Result "0-1"]
[WhiteElo "2212"]
[BlackElo "2406"]
[PlyCount "82"]
[EventDate "2017.12.26"]
[EventType "swiss"]
[EventRounds "9"]
[EventCountry "USA"]
[SourceTitle "CBM 182 Extra"]
[Source "ChessBase"]
[SourceDate "2018.02.23"]
[SourceVersion "1"]
[SourceVersionDate "2018.02.23"]
[SourceQuality "1"]

1. e4 c5 2. Nf3 d6 3. d4 cxd4 4. Nxd4 Nf6 5. Nc3 g6 6. Be3 Bg7 7. f3 0-0 8. Qd2 Nc6 9. Bc4 Bd7 10. h4 Rb8 11. h5 Nxh5 12. g4 Nf6 13. 0-0-0 b5 14. Bb3 b4 15. Nd5 e6 16. Nxc6 Bxc6 17. Nxb4 Bb5 18. Qh2 Qa5 19. Bd2 Qb6 20. Bc3 Rfc8 21. Rxd6 Qe3+ 22. Kb1 Rxc3 23. bxc3 Qxc3 24. Rd3 Qc8 25. e5 Nd7 26. Qxh7+ Kf8 27. Re3 Qc5 28. Re4 a5 29. c4 Qxb4 30. cxb5 Qxb5 31. Rd1 a4 32. Re3 axb3 33. axb3 Nxe5 34. Qh4 Qb6 35. f4 Nxg4 36. Red3 Nf6 37. f5 gxf5 38. Qg5 Nd5 39. Qg3 f4 40. Qf3 Qa6 41. Kc1 Rc8+ 0-1

[Event "Dallas Fall op"]
[Site "Dallas"]
[Date "2017.11.19"]
[Round "5"]
[White "Kaliksteyn, Alexander"]
[Black "Ghatti, Sanjay"]
[Result "1/2-1/2"]
[WhiteElo "2425"]
[BlackElo "2178"]
[PlyCount "23"]
[EventDate "2017.11.17"]
[EventType "swiss"]
[EventRounds "9"]
[EventCountry "USA"]
[SourceTitle "CBM 181 Extra"]
[Source "ChessBase"]
[SourceDate "2017.12.12"]
[SourceVersion "1"]
[SourceVersionDate "2017.12.12"]
[SourceQuality "1"]

1. d4 Nf6 2. Nf3 d5 3. c3 e6 4. Bf4 Bd6 5. Bg3 c5 6. e3 0-0 7. Nbd2 b6 8. Ne5 Qc7 9. f4 Ba6 10. Bxa6 Nxa6 11. 0-0 Nb8 12. Qf3 1/2-1/2

[Event "Dallas Fall op"]
[Site "Dallas"]
[Date "2017.11.18"]
[Round "2"]
[White "Ghatti, Sanjay"]
[Black "Gareyev, Timur"]
[Result "0-1"]
[WhiteElo "2178"]
[BlackElo "2615"]
[PlyCount "90"]
[EventDate "2017.11.17"]
[EventType "swiss"]
[EventRounds "9"]
[EventCountry "USA"]
[SourceTitle "CBM 181 Extra"]
[Source "ChessBase"]
[SourceDate "2017.12.12"]
[SourceVersion "1"]
[SourceVersionDate "2017.12.12"]
[SourceQuality "1"]

1. e4 c5 2. Nf3 d6 3. d4 cxd4 4. Nxd4 Nf6 5. Nc3 Nc6 6. f3 e6 7. Be3 Be7 8. Bc4 0-0 9. Bb3 Na5 10. Qd2 a6 11. 0-0 Qc7 12. Qf2 Qb8 13. Rad1 Bd7 14. Kh1 Rc8 15. Nde2 b5 16. g4 Nc4 17. Bxc4 Rxc4 18. g5 Ne8 19. Ng3 b4 20. Nb1 Qb7 21. c3 bxc3 22. Nxc3 Rac8 23. h4 Rb4 24. Rd2 Rcc4 25. Qe2 Qc6 26. Qg2 Bd8 27. h5 Bb6 28. Bxb6 Qxb6 29. f4 Rd4 30. Rdf2 Bc6 31. f5 e5 32. f6 g6 33. hxg6 hxg6 34. b3 Rd3 35. Rf3 Rbd4 36. Rxd3 Rxd3 37. Nce2 Qe3 38. Rc1 Bb7 39. Rc4 Qxg5 40. Rb4 Rd1+ 41. Kh2 Bc8 42. Qf3 Nxf6 43. Rb8 Qh4+ 44. Kg2 Qh3+ 45. Kf2 Ng4+ 0-1

[Event "Chicago op 26th"]
[Site "Chicago"]
[Date "2017.05.26"]
[Round "3"]
[White "Ghatti, Sanjay"]
[Black "Macieja, Bartlomiej"]
[Result "0-1"]
[WhiteElo "2235"]
[BlackElo "2530"]
[PlyCount "56"]
[EventDate "2017.05.25"]
[EventType "swiss"]
[EventRounds "9"]
[EventCountry "USA"]
[SourceTitle "CBM 178 Extra"]
[Source "ChessBase"]
[SourceDate "2017.06.22"]
[SourceVersion "1"]
[SourceVersionDate "2017.06.22"]
[SourceQuality "1"]

1. e4 c5 2. Nf3 Nc6 3. d4 cxd4 4. Nxd4 Qc7 5. Nc3 e6 6. Be3 a6 7. Be2 Nf6 8. 0-0 Bb4 9. Na4 Bd6 10. Nxc6 bxc6 11. Nb6 Rb8 12. Nxc8 Rxc8 13. Bxa6 Rb8 14. Bd4 Bxh2+ 15. Kh1 Be5 16. Re1 Bxd4 17. Qxd4 Qb6 18. Qxb6 Rxb6 19. Bd3 Rxb2 20. Reb1 Rxb1+ 21. Rxb1 Ke7 22. f3 Ra8 23. Rb2 h5 24. Kh2 g5 25. Kg3 h4+ 26. Kf2 Ra4 27. Ke3 Nh5 28. c4 Ra3 0-1

[Event "Charlotte CCCSA IM-C"]
[Site "Charlotte"]
[Date "2017.03.30"]
[Round "3"]
[White "Ynojosa Aponte, Felix Jose"]
[Black "Ghatti, Sanjay"]
[Result "1-0"]
[WhiteElo "2378"]
[BlackElo "2276"]
[PlyCount "43"]
[EventDate "2017.03.29"]
[EventType "tourn"]
[EventRounds "9"]
[EventCountry "USA"]
[EventCategory "3"]
[SourceTitle "CBM 177 Extra"]
[Source "ChessBase"]
[SourceDate "2017.04.27"]
[SourceVersion "1"]
[SourceVersionDate "2017.04.27"]
[SourceQuality "1"]

1. c4 Nf6 2. Nc3 g6 3. e4 d6 4. d4 Bg7 5. Nf3 0-0 6. Be2 Na6 7. 0-0 e5 8. dxe5 dxe5 9. h3 c6 10. Qc2 Qe7 11. a3 Nc7 12. b4 Nh5 13. Rd1 Ne6 14. Be3 Nhf4 15. Bf1 f5 16. c5 Kh8 17. Kh1 fxe4 18. Qxe4 Nc7 19. Bxf4 Rxf4 20. Qe3 Be6 21. Nxe5 Raf8 22. Nf3 1-0

[Event "Southwest Class-ch 8th"]
[Site "Fort Worth"]
[Date "2017.02.20"]
[Round "8"]
[White "Ghatti, Sanjay"]
[Black "Drozdowski, Kacper"]
[Result "1/2-1/2"]
[WhiteElo "2254"]
[BlackElo "2496"]
[PlyCount "71"]
[EventDate "2017.02.16"]
[EventType "swiss"]
[EventRounds "9"]
[EventCountry "USA"]
[SourceTitle "EXT 2018"]
[Source "ChessBase"]
[SourceDate "2017.10.13"]
[SourceVersion "1"]
[SourceVersionDate "2017.10.13"]
[SourceQuality "1"]

1. e4 d6 2. d4 Nf6 3. Nc3 Nc6 4. Be3 g6 5. f3 Bg7 6. Qd2 0-0 7. 0-0-0 e5 8. d5 Ne7 9. h4 h5 10. Nh3 Nh7 11. Ng5 f5 12. Nxh7 Kxh7 13. Bg5 f4 14. Be2 Bf6 15. Bxf6 Rxf6 16. Rdg1 a6 17. g4 fxg3 18. Rxg3 Qf8 19. Nd1 Bd7 20. Nf2 c5 21. Rg5 b5 22. Rhg1 c4 23. b3 Rc8 24. Kb1 Rf4 25. Qb4 Qf6 26. bxc4 Rxh4 27. cxb5 axb5 28. Qb3 Rh2 29. Qe3 Qf4 30. Qa7 Qd2 31. Qxd7 Qxc2+ 32. Ka1 Qc3+ 33. Kb1 Qb4+ 34. Ka1 Qd4+ 35. Kb1 Qb4+ 36. Ka1 1/2-1/2

[Event "Southwest Class-ch 8th"]
[Site "Fort Worth"]
[Date "2017.02.18"]
[Round "5"]
[White "Prasanna Raghuram, Rao"]
[Black "Ghatti, Sanjay"]
[Result "1-0"]
[WhiteElo "2477"]
[BlackElo "2254"]
[PlyCount "95"]
[EventDate "2017.02.16"]
[EventType "swiss"]
[EventRounds "9"]
[EventCountry "USA"]
[SourceTitle "EXT 2018"]
[Source "ChessBase"]
[SourceDate "2017.10.13"]
[SourceVersion "1"]
[SourceVersionDate "2017.10.13"]
[SourceQuality "1"]

1. d4 d5 2. c4 e6 3. Nf3 Nf6 4. g3 Be7 5. Bg2 0-0 6. 0-0 dxc4 7. Qa4 a6 8. Qxc4 b5 9. Qc2 Bb7 10. Bd2 Be4 11. Qc1 Bb7 12. Bg5 Nbd7 13. Rd1 h6 14. Bxf6 Nxf6 15. Nbd2 Qc8 16. Nb3 Bd5 17. Ne5 Bxg2 18. Kxg2 Qb7+ 19. f3 Bd6 20. Qc6 Qb6 21. e4 Bxe5 22. Qxb6 cxb6 23. dxe5 Nh7 24. Rac1 Rfc8 25. Kf2 Kf8 26. Ke3 Ke8 27. Rd6 Rxc1 28. Nxc1 Rb8 29. Nd3 Nf8 30. Nb4 Nd7 31. Nxa6 Rc8 32. f4 Rc2 33. Rd2 Rc4 34. a3 Nc5 35. Nc7+ Ke7 36. Nxb5 Rxe4+ 37. Kf3 Ra4 38. Rd6 Nd7 39. Rc6 Ra5 40. Nd4 Rd5 41. Ke3 g5 42. b4 gxf4+ 43. gxf4 Kf8 44. a4 Ke7 45. h3 h5 46. h4 Nf8 47. Rxb6 Ng6 48. a5 1-0

[Event "North American op 26th"]
[Site "Las Vegas"]
[Date "2016.12.29"]
[Round "8"]
[White "Martinez Martin, David"]
[Black "Ghatti, Sanjay"]
[Result "0-1"]
[WhiteElo "2411"]
[BlackElo "2233"]
[PlyCount "62"]
[EventDate "2016.12.26"]
[EventType "swiss"]
[EventRounds "9"]
[EventCountry "USA"]
[SourceTitle "CBM 176 Extra"]
[Source "ChessBase"]
[SourceDate "2017.03.02"]
[SourceVersion "1"]
[SourceVersionDate "2017.03.02"]
[SourceQuality "1"]

1. e4 c6 2. d4 d5 3. e5 Bf5 4. Nc3 e6 5. g4 Bg6 6. Nge2 Ne7 7. h4 h5 8. Nf4 Bh7 9. Nxh5 c5 10. dxc5 Nec6 11. Bg5 Qc7 12. f4 Bg6 13. Nb5 Qa5+ 14. c3 Bxh5 15. gxh5 Bxc5 16. b4 Nxb4 17. cxb4 Qxb4+ 18. Qd2 Qe4+ 19. Qe2 Qxh1 20. 0-0-0 Qg1 21. Nc7+ Kd7 22. Nxd5 Kc8 23. h6 gxh6 24. Bf6 Rg8 25. Ne7+ Bxe7 26. Bxe7 Qb6 27. Bd6 Rg3 28. Rd3 Rxd3 29. Qxd3 Nc6 30. f5 Qd4 31. Qg3 Qa1+ 0-1

[Event "North American op 26th"]
[Site "Las Vegas"]
[Date "2016.12.26"]
[Round "1"]
[White "Ghatti, Sanjay"]
[Black "Li, Ruifeng"]
[Result "0-1"]
[WhiteElo "2233"]
[BlackElo "2557"]
[PlyCount "56"]
[EventDate "2016.12.26"]
[EventType "swiss"]
[EventRounds "9"]
[EventCountry "USA"]
[SourceTitle "CBM 176 Extra"]
[Source "ChessBase"]
[SourceDate "2017.03.02"]
[SourceVersion "1"]
[SourceVersionDate "2017.03.02"]
[SourceQuality "1"]

1. e4 c5 2. Nf3 d6 3. d4 cxd4 4. Nxd4 Nf6 5. Nc3 a6 6. h3 e6 7. g4 Nfd7 8. Be3 b5 9. Bg2 Bb7 10. Qd2 Be7 11. 0-0-0 Nb6 12. b3 N8d7 13. f4 0-0 14. e5 Bxg2 15. Qxg2 dxe5 16. fxe5 Rc8 17. Nde2 Qc7 18. Qe4 b4 19. Nb1 Bc5 20. Bf4 Nd5 21. Bg3 Be3+ 22. Kb2 Nc5 23. Qf3 Na4+ 24. bxa4 Qxc2+ 25. Ka1 b3 26. axb3 Qxb3 27. Rd2 Rc4 28. Nec3 Bxd2 0-1

[Event "Philadelphia int op 10th"]
[Site "Philadelphia"]
[Date "2016.07.08"]
[Round "5"]
[White "Ghatti, Sanjay"]
[Black "Carreto Nieto, Geovanni"]
[Result "0-1"]
[WhiteElo "2151"]
[BlackElo "2241"]
[PlyCount "43"]
[EventDate "2016.07.05"]
[EventType "swiss"]
[EventRounds "9"]
[EventCountry "USA"]
[SourceTitle "CBM 173 Extra"]
[Source "ChessBase"]
[SourceDate "2016.08.29"]
[SourceVersion "1"]
[SourceVersionDate "2016.08.29"]
[SourceQuality "1"]

1. e4 c5 2. Nf3 d6 3. d4 cxd4 4. Nxd4 Nf6 5. Nc3 g6 6. Be3 Bg7 7. f3 Nc6 8. Qd2 Bd7 9. Bc4 0-0 10. h4 h5 11. 0-0-0 Ne5 12. Bb3 Rc8 13. Bh6 Bxh6 14. Qxh6 Rxc3 15. bxc3 Qc8 16. g4 Qxc3 17. Kb1 Rc8 18. gxh5 Nxh5 19. Rhg1 Nc4 20. Bxc4 Rxc4 21. Qxh5 Rxd4 22. Rxg6+ 0-1

[Event "World op 44th"]
[Site "Philadelphia"]
[Date "2016.07.04"]
[Round "8"]
[White "Ghatti, Sanjay"]
[Black "Kretchetov, Alexandre"]
[Result "0-1"]
[WhiteElo "2150"]
[BlackElo "2246"]
[PlyCount "92"]
[EventDate "2016.06.30"]
[EventType "swiss"]
[EventRounds "9"]
[EventCountry "USA"]
[SourceTitle "CBM 173 Extra"]
[Source "ChessBase"]
[SourceDate "2016.08.29"]
[SourceVersion "1"]
[SourceVersionDate "2016.08.29"]
[SourceQuality "1"]

1. e4 e5 2. Nf3 Nc6 3. Bb5 g6 4. d4 exd4 5. Bg5 Be7 6. Bxe7 Qxe7 7. Bxc6 dxc6 8. Qxd4 Nf6 9. Nc3 Bg4 10. 0-0-0 Bxf3 11. gxf3 0-0 12. e5 Nh5 13. Ne4 Qe6 14. Kb1 b6 15. Ng3 Ng7 16. h4 c5 17. Qf4 Rae8 18. h5 Qxe5 19. Qh6 g5 20. Ne4 f6 21. Rhe1 Qf5 22. a3 Qxf3 23. Rd7 Rf7 24. Rxf7 Kxf7 25. Nxg5+ fxg5 26. Rxe8 Nxe8 27. Qxh7+ Ke6 28. Qg6+ Nf6 29. h6 g4 30. Ka2 Qxf2 31. h7 Qh2 32. Qg8+ Nxg8 33. hxg8Q+ Kf5 34. Qf7+ Ke4 35. Qe6+ Kf3 36. Qc6+ Kf2 37. Qf6+ Kg1 38. Qg5 Qe2 39. Qf4 Qf3 40. Qc1+ Kg2 41. Qd2+ Kg3 42. Qe1+ Kh3 43. Qe6 Kg2 44. Qh6 g3 45. Qd2+ Kf1 46. Qc1+ Ke2 0-1

[Event "World op 44th"]
[Site "Philadelphia"]
[Date "2016.07.03"]
[Round "6"]
[White "Ghatti, Sanjay"]
[Black "Atoufi, Pedram"]
[Result "1/2-1/2"]
[WhiteElo "2150"]
[BlackElo "2272"]
[PlyCount "99"]
[EventDate "2016.06.30"]
[EventType "swiss"]
[EventRounds "9"]
[EventCountry "USA"]
[SourceTitle "CBM 173 Extra"]
[Source "ChessBase"]
[SourceDate "2016.08.29"]
[SourceVersion "1"]
[SourceVersionDate "2016.08.29"]
[SourceQuality "1"]

1. e4 e5 2. Nf3 Nc6 3. Bb5 a6 4. Ba4 b5 5. Bb3 Na5 6. 0-0 d6 7. c3 Nxb3 8. Qxb3 Bg4 9. d4 Bxf3 10. gxf3 c6 11. Be3 Nf6 12. Nd2 Be7 13. Kh1 0-0 14. f4 exd4 15. cxd4 c5 16. Rg1 Re8 17. Rg2 Bf8 18. e5 cxd4 19. Bxd4 dxe5 20. Bxe5 Qxd2 21. Rd1 Qa5 22. Bxf6 Re1+ 23. Rg1 Rxd1 24. Qxd1 Qb6 25. Qd5 Rc8 26. Bd4 Qc6 27. Qxc6 Rxc6 28. Re1 Rc4 29. Rd1 Rc2 30. Kg2 f5 31. Be5 Kf7 32. Rd7+ Kg6 33. Rd8 Be7 34. Rd7 Bf8 35. Rd8 Be7 36. Rd7 Bf6 37. Rd6 a5 38. Ra6 a4 39. Rb6 Rc5 40. b3 axb3 41. axb3 Kh5 42. b4 Rd5 43. Bxf6 gxf6 44. Kg3 Kg6 45. f3 Kf7 46. Kf2 Rd2+ 47. Kg3 Rd5 48. h3 Kg6 49. Rb7 h6 50. Rb6 1/2-1/2

[Event "Southwest Class-ch 7th"]
[Site "Dallas"]
[Date "2016.02.15"]
[Round "8"]
[White "Ghatti, Sanjay"]
[Black "Song, Guannan Terry"]
[Result "1/2-1/2"]
[WhiteElo "2172"]
[BlackElo "2200"]
[PlyCount "110"]
[EventDate "2016.02.11"]
[EventType "swiss"]
[EventRounds "9"]
[EventCountry "USA"]
[SourceTitle "EXT 2018"]
[Source "ChessBase"]
[SourceDate "2017.10.13"]
[SourceVersion "1"]
[SourceVersionDate "2017.10.13"]
[SourceQuality "1"]

1. e4 c5 2. Nf3 d6 3. d4 cxd4 4. Nxd4 Nf6 5. Nc3 a6 6. g3 e5 7. Nde2 Be7 8. Bg2 0-0 9. 0-0 Nbd7 10. a4 b6 11. Nd5 Nxd5 12. Qxd5 Rb8 13. Be3 Nf6 14. Qd3 Qc7 15. Nc3 Bb7 16. Rfd1 Rfd8 17. Qe2 Rbc8 18. Bh3 Ra8 19. Bg5 Ne8 20. Bxe7 Qxe7 21. Qc4 Nf6 22. f3 Bc8 23. Bxc8 Rdxc8 24. Qb4 Rc6 25. Rd2 Qc7 26. Rad1 Rd8 27. f4 Qe7 28. Nd5 Nxd5 29. exd5 Rcc8 30. Re1 f6 31. Qxb6 Rb8 32. Qxa6 Rxb2 33. fxe5 fxe5 34. Rf2 Qc7 35. Qd3 Rc8 36. Ree2 Ra2 37. Qf5 Rxa4 38. Qe6+ Kh8 39. Rf7 Qb6+ 40. Ref2 Raa8 41. Kg2 Rg8 42. h4 Qb1 43. Qf5 Qd1 44. Qe4 Rac8 45. Kh2 Rc5 46. c4 Qd4 47. Qxd4 exd4 48. Rc2 Rgc8 49. Rcf2 h6 50. Rd7 Rxc4 51. Rff7 Rg8 52. Rxd6 d3 53. Rf1 Rd4 54. Rd1 Rc8 55. Kg2 d2 1/2-1/2

[Event "Southwest Class-ch 7th"]
[Site "Dallas"]
[Date "2016.02.13"]
[Round "5"]
[White "Roach, Andrew"]
[Black "Ghatti, Sanjay"]
[Result "1-0"]
[WhiteElo "1977"]
[BlackElo "2172"]
[PlyCount "46"]
[EventDate "2016.02.11"]
[EventType "swiss"]
[EventRounds "9"]
[EventCountry "USA"]
[SourceTitle "EXT 2018"]
[Source "ChessBase"]
[SourceDate "2017.10.13"]
[SourceVersion "1"]
[SourceVersionDate "2017.10.13"]
[SourceQuality "1"]

1. e4 c6 2. d4 d5 3. e5 c5 4. dxc5 Nc6 5. Nf3 Bg4 6. c3 a6 7. Be2 e6 8. Be3 Bxf3 9. Bxf3 Nxe5 10. Be2 Nf6 11. Nd2 Be7 12. 0-0 0-0 13. b4 a5 14. a3 axb4 15. axb4 Rxa1 16. Qxa1 Neg4 17. Bg5 Qc7 18. Nf3 h6 19. Bh4 Ne4 20. Bxe7 Qxe7 21. h3 Ngf6 22. Rd1 Nh5 23. c4 Nf4 1-0

[Event "Land of the Sky op"]
[Site "Asheville"]
[Date "2016.01.30"]
[Round "2"]
[White "Ghatti, Sanjay"]
[Black "Ivanov, Alexander"]
[Result "0-1"]
[WhiteElo "2154"]
[BlackElo "2515"]
[PlyCount "70"]
[EventDate "2016.01.29"]
[EventType "swiss"]
[EventRounds "5"]
[EventCountry "USA"]
[SourceTitle "CBM 170 Extra"]
[Source "ChessBase"]
[SourceDate "2016.02.25"]
[SourceVersion "1"]
[SourceVersionDate "2016.02.25"]
[SourceQuality "1"]

1. e4 d6 2. d4 Nf6 3. Nc3 c6 4. Nf3 Bg4 5. h3 Bh5 6. Bf4 e6 7. Bd3 d5 8. e5 Nfd7 9. g4 Bg6 10. h4 c5 11. h5 Bxd3 12. Qxd3 Nc6 13. 0-0-0 cxd4 14. Nxd4 Be7 15. Nf3 Rc8 16. Kb1 Qa5 17. g5 Nb4 18. Qd2 Nb6 19. Nd4 Rxc3 20. Qxc3 Qxa2+ 21. Kc1 Nc4 22. b3 Nc6 23. bxc4 Ba3+ 24. Kd2 Bb4 25. Nb3 Bxc3+ 26. Kxc3 Qa4 27. cxd5 Qxf4 28. dxc6 Qxe5+ 29. Rd4 bxc6 30. f4 Qc7 31. h6 0-0 32. hxg7 Rd8 33. g6 fxg6 34. Rxd8+ Qxd8 35. Nd4 Qf6 0-1

[Event "North American op 25th"]
[Site "Las Vegas"]
[Date "2015.12.28"]
[Round "6"]
[White "Ghatti, Sanjay"]
[Black "Landaw, Julian W"]
[Result "0-1"]
[WhiteElo "2154"]
[BlackElo "2340"]
[PlyCount "148"]
[EventDate "2015.12.26"]
[EventType "swiss"]
[EventRounds "9"]
[EventCountry "USA"]
[SourceTitle "CBM 170 Extra"]
[Source "ChessBase"]
[SourceDate "2016.02.25"]
[SourceVersion "1"]
[SourceVersionDate "2016.02.25"]
[SourceQuality "1"]

1. e4 e5 2. Nf3 Nc6 3. Bb5 a6 4. Ba4 Nf6 5. d3 b5 6. Bb3 Be7 7. 0-0 d6 8. c3 0-0 9. a4 b4 10. Nbd2 Rb8 11. Re1 Bg4 12. h3 Bh5 13. g4 Bg6 14. Nh4 Nd7 15. Nxg6 hxg6 16. Nf3 Na5 17. Ba2 b3 18. Bb1 Nb6 19. d4 exd4 20. cxd4 Qd7 21. Bd2 Nac4 22. Qxb3 Nxd2 23. Nxd2 d5 24. Qc2 Bb4 25. b3 dxe4 26. Rxe4 f5 27. gxf5 Qxf5 28. Nc4 Qxh3 29. Ne5 Rf5 30. f3 Rg5+ 31. Rg4 Rxg4+ 32. Nxg4 Qxf3 33. Qxg6 Qg3+ 34. Kh1 Qh3+ 35. Nh2 Rf8 36. Be4 Bd6 37. Qg2 Qh4 38. Rg1 Rf7 39. Bg6 Rf3 40. Bf5 Rg3 41. Qf2 Rxg1+ 42. Qxg1 a5 43. Be6+ Kf8 44. Qf1+ Bf4 45. Qh3 Qe1+ 46. Kg2 Qe2+ 47. Kh1 Qe1+ 48. Kg2 Ke7 49. Bg4 Qd2+ 50. Kh1 Qxh2+ 51. Qxh2 Bxh2 52. Kxh2 Kd6 53. Bf3 c5 54. dxc5+ Kxc5 55. Bg4 Nd5 56. Kg3 Nc3 57. Kf4 Kb4 58. Be6 Ne2+ 59. Kg5 Nd4 60. Bf7 Nxb3 61. Kg6 Kxa4 62. Kxg7 Kb4 63. Be8 Nd4 64. Kf6 Nb5 65. Ke5 a4 66. Ke4 Nd6+ 67. Kd3 Nxe8 68. Kc2 a3 69. Kb1 Kb3 70. Ka1 Nd6 71. Kb1 Nc4 72. Ka1 Ne3 73. Kb1 a2+ 74. Ka1 Nc2# 0-1